000 01220nam0a2200301 4500
001 RU\NLR\bibl\904869
005 20260406163033.0
010 _a5-699-12277-X
_97000
035 _a(NLR Aleph) 000893280
090 _a1731826
_c1731826
100 _a20060207d2005 |||y0rusy50 ca
101 1 _arus
_ceng
102 _aRU
105 _ay |||||||||
200 1 _aКовчег повелителя зверей
_e[фантастический роман]
_fАндрэ Нортон, Линн Маккончи
_g[пер. с англ. А. Хромовой]
210 _aМосква
_cЭксмо
_aСанкт-Петербург
_cДомино
_d2005
215 _a347 с.
_d21
225 1 _aФантастический бестселлер
_fсост.: А. Жикаренцев
686 _aШ6(83НвЗ)07-4(М){Лх3040(М)}
686 _aШ6(7США)67-445(Н){Лх1979-62(Н)}
700 1 _4070
_7ca
_8rus
_aНортон
_bЭ.
_f1912-2005
_gЭндрю
_9119604
_3RU\NLR\AUTH\779798
701 1 _4070
_7ca
_8rus
_aМаккончи
_bЛ.
_f1946-
_gЛин
_9235417
_3RU\NLR\AUTH\770235473
801 0 _aRU
_bNLR
_c20060207
_grcr
801 1 _aRU
_bNLR
_c20060207
942 _cBOOK
980 _aNB